00822nas a2200241Ia 4500001001600000003001000016008004100026040002500067041001300092100003100105210005100136222005100187245002200238250001100260260000900271501012300280300001300403362003500416500006500451650002400516700001700540700002300557A04/R040-51142 IT-MiCISF161014c99999999xx |||||||||||| ||und|| aIT-MiCISFcIT-MiCISF aITALIANO aBenvegnù-Pasini Giuseppe aStudi Zancan. Politiche e servizi alle persone aStudi Zancan. Politiche e servizi alle persone 0aPoveri di diritti a1a ed. c2011 bCISF - Centro Internazionale Studi Famiglia - Via Giotto, 36 20145 MILANO (non commercial uses only)cCopyright 2016 app. 9-20 an. 5, settembre-ottobre [2011] a Tema: società, stratificazione-sociale, politiche-sociali asocietàvarticolo a Bezze Maria a Vecchiato Tiziano